000 00625nam a2200181Ia 4500
008 151202s9999||||xx |||||||||||||| ||und||
082 _bPNVM-39391
100 _aभावे पु.भा.
245 _aनरभक्षकाची पावले.
260 _b"कुलस्वामिनी प्रकाशन,डोंबिवली."
260 _c1991
300 _a138
600 _aभावे पु.भा.
630 _aनरभक्षकाची पावले.
700 _aभावे पु.भा.
730 _aनरभक्षकाची पावले.
942 _cBOOK
999 _c1305343
_d1305340